00314 a2200133 450000100060000002000060000604000240001210000220003624000370005824500320009530000130012736200090014065000310014969232 a  cAnchieta - Itaigara aBrasileiro, Jonar10aO presente de Zé Doidinholpor10aO presente de Zé Doidinho a28[16p.]0 a2001 4aLiteratura infanto-juvenil